S.I. Units of Physical Quantities | Multiple Choice | - Statistics

General Stats
  • This quiz has been taken 160 times
  • The average score is 14 of 20
Answer Stats
Question Answer % Correct
Time second
100%
Frequency hertz
91%
Velocity meter per second
91%
Force Newton
91%
Power Watt
91%
Energy Joule
82%
Temperature Kelvin
82%
Mass kilogram
82%
Amount of substance mole
82%
Resistance ohm
82%
Plane angle radian
82%
Solid angle steradian
64%
Density kilogram per meter cube
55%
Torque Newton meter
55%
Luminous intensity candela
45%
Area meter square
45%
Thrust newton
45%
Young's modulus pascal
45%
Wavelength meter
36%
Electrical conductance siemen
36%
No matching quizzes found
Score Distribution
Percent of People with Each Score
Percentile by Number Answered
Your Score History
You have not taken this quiz